000
00331nam a2200133Ia 4500
008
240624s9999 xx 000 0 und d
041
_a
eng
082
_a
658.8 TAH
100
_a
TAHER NASREEN
245
_a
IDEA MARKETING A PRIMER
260
_c
2006
_a
Hyderabad
_b
ICFAI press
300
_a
v, : 172 : p. : cm. ; 23
365
_c
RS
_b
50
999
_c
6550
_d
6550